Name All Angry Birds - Statistics

General Stats
  • This quiz has been taken 89 times
  • The average score is 10 of 16
Answer Stats
Answer % Correct
Red
100%
Chuck
99%
Bomb
97%
Matilda
88%
Terrence
84%
Stella
81%
Hal
70%
Bubbles
68%
Silver
67%
Jay Jake And Jim
62%
Mighty Eagle
49%
Melody
38%
Ice Bird
36%
Tony
28%
Jo
22%
Ruby
20%
No matching quizzes found
Score Distribution
Percent of People with Each Score
Percentile by Number Answered
Your Score History
You have not taken this quiz